000 00583nam a2200217Ia 4500
003 OSt
005 20220928143253.0
006 a|||||r|||| 00| 0
007 ta
008 220927b |||||||| |||| 00| 0 eng d
024 _a21513
037 _cTextual
040 _aSDCL
_cSDCL
_beng
041 _2eng
_aeng
082 _aO-,3M04:g(S), K6
100 _aCrews Frederick
_9504975
245 0 _aSins of the fathers
_b Hawthorne's psychological themes.
260 _c1966
942 _hO-,3M04:g(S), K6
_cTEXL
_2CC
999 _c823552
_d823552